| 000 | nam a22 a 4500 | ||
|---|---|---|---|
| 999 |
_c853 _d853 |
||
| 003 | AKMAL | ||
| 005 | 20170522163521.0 | ||
| 008 | 170505s2015 my e l 000 0 eng d | ||
| 020 |
_a9789678924887 _qpaperback |
||
| 040 | _cAKMAL | ||
| 082 | 0 | 4 |
_a343.595056 MAL _223 |
| 090 | 0 | 0 |
_a343.595056 _bMAL |
| 110 | 1 |
_aMalaysia, _ejurisdiction governed. _9400 |
|
| 240 | 1 | 0 |
_aAkta Kastam, 1967. _lEnglish |
| 245 | 1 | 0 |
_aCUSTOMS ACT 1967 (ACT 235), REGULATIONS & ORDER : _b(AS AT 5TH JANUARY 2015) / _cCompiled by: Legal Research Board |
| 264 | 1 |
_aPetaling Jaya, Selangor : _bInternational Law Book Services, _c2015 |
|
| 300 |
_a254 pages ; _c24 cm. |
||
| 336 |
_atext _2rdacontent |
||
| 337 |
_aunmediated _2rdamedia |
||
| 338 |
_avolume _2rdacarrier |
||
| 490 | 1 | _aLAWS OF MALAYSIA | |
| 650 | 1 | 0 |
_aTariff _xLaw and legislation _zMalaysia _920 |
| 650 | 2 | 0 |
_aCustoms administration _xLaw and legislation _zMalaysia _91836 |
| 710 | 2 |
_aLembaga Penyelidikan Undang-Undang, _eeditor. _91837 |
|
| 830 | 0 |
_aLaws of Malaysia _91830 |
|
| 942 |
_2ddc _cBOOK |
||